Catálogo
 En Linea

Haitian painting : (Registro nro. 34270)

Detalles MARC
000 -CABECERA
campo de control de longitud fija 00866nam a2200229 a 4500
001 - NÚMERO DE CONTROL
campo de control 000034779
005 - FECHA Y HORA DE LA ÚLTIMA TRANSACCIÓN
campo de control 20200930073910.0
008 - DATOS DE LONGITUD FIJA--INFORMACIÓN GENERAL
campo de control de longitud fija 111019s1986 xxua 000 0 eng d
020 ## - NÚMERO INTERNACIONAL ESTÁNDAR DEL LIBRO
Número Internacional Estándar del Libro 0961593202
040 ## - FUENTE DE LA CATALOGACIÓN
Centro catalogador/agencia de origen DO-SdBNP
Lengua de catalogación spa
Centro/agencia transcriptor BNPHU
082 ## - NÚMERO DE LA CLASIFICACIÓN DECIMAL DEWEY
Número de clasificación 759.97294
Número de documento/Ítem P294h
100 1# - ENTRADA PRINCIPAL--NOMBRE DE PERSONA
Nombre de persona Pataki, Eva
9 (RLIN) 60271
245 10 - MENCIÓN DE TÍTULO
Título Haitian painting :
Resto del título art and kitsch /
Mención de responsabilidad, etc. Eva Pataki.
260 ## - PUBLICACIÓN, DISTRIBUCIÓN, ETC.
Lugar de publicación, distribución, etc. Jamaica Estates, New York :
Nombre del editor, distribuidor, etc. Adams Press,
Fecha de publicación, distribución, etc. 1986.
300 ## - DESCRIPCIÓN FÍSICA
Extensión 161 p. :
Otras características físicas il. ;
Dimensiones 24 cm.
590 ## - NOTA LOCAL (RLIN)
Nota local Perteneció a la biblioteca personal de Juan Isidro Jimenes Grullón.
500 ## - NOTA GENERAL
Nota general Incluye índice de ilustraciones y lista de pintores haitianos relacionados en la obra.
504 ## - NOTA DE BIBLIOGRAFÍA, ETC.
Nota de bibliografía, etc. Incluye referencias bibliográficas y notas al pie de las páginas.
650 #4 - PUNTO DE ACCESO ADICIONAL DE MATERIA--TÉRMINO DE MATERIA
Término de materia o nombre geográfico como elemento de entrada Pintura haitiana
Subdivisión general Historia
9 (RLIN) 34337
650 #4 - PUNTO DE ACCESO ADICIONAL DE MATERIA--TÉRMINO DE MATERIA
Término de materia o nombre geográfico como elemento de entrada Pintores haitianos
9 (RLIN) 34336
650 #4 - PUNTO DE ACCESO ADICIONAL DE MATERIA--TÉRMINO DE MATERIA
Término de materia o nombre geográfico como elemento de entrada Kitsch
Subdivisión general Haíti
9 (RLIN) 60272
Existencias
Estado de retiro Estado de pérdida Restricciones de uso No para préstamo Código de colección Localización permanente Ubicación/localización actual Ubicación en estantería Fecha de adquisición Número de inventario Total de préstamos Signatura topográfica completa Código de barras Fecha visto por última vez Precio válido a partir de Tipo de ítem Koha Nota pública
        Monografías: Libros y Folletos General General Depósito 19.10.2011 LF1   759.97294 P294h 34779-10 25.06.2020 25.06.2020 Préstamo en sala Perteneció a la biblioteca Personal de Juan Isidro Jimenes Grullón.

Con tecnología Koha